The Warsaw Quiz - Statistics

General Stats
  • This quiz has been taken 415 times
  • The average score is 8 of 13
Answer Stats
Hint Answer % Correct
Major River Vistula
94%
Composer who also went to France and after whom the airport is named. Frédéric Chopin
87%
Polish Name Warszawa
86%
She was born Maria Skłodowska 1867 in Warsaw. Later she became a scientist, married a French colleague and migrated to his home country. Marie Curie
84%
Most famous football (soccer) clubs Legia
76%
Main religious confession Catholic
73%
Roman Polanski's film based on the memoirs of Władysław Szpilman who survived the Ghetto in the 1940s. The Pianist
65%
Mutual defense treaty established by Eastern Bloc countries in 1955 Warsaw Pact
56%
Polonia
45%
Piece of furniture at which the government, the Solidarność and other organisations came together in 1989 to discuss Poland's political future just before the overthrow of the communist regime. Round Table
39%
Voivodship Masovian
36%
This eccentric British rock musician produced the song "Warszawa", featured in his album "Low". David Bowie
21%
Ernst Lubitsch film/Mel Brooks remake about theatre actors who screw the Gestapo during the Nazi occupation. To Be Or Not To Be
3%
No matching quizzes found
Score Distribution
Percent of People with Each Score
Percentile by Number Answered
Your Score History
You have not taken this quiz